Where's My Package Now? Quiz Stats

 Plays Quiz Updated Aug 18, 2015

Challenge
Share
Tweet
Score 0/37 Timer 12:00
3 Plays Today
postal code world capital % Correct
WATARAWA....
78%
ARBUCHAREST....
74.7%
MAMAJURO....
74.4%
INBERLIN....
73.1%
CACANBERRA....
72.5%
MELOME....
69%
RIPRISTINA....
68.5%
COCONAKRY....
67.8%
PAPALIKIR....
67.6%
MOMONROVIA....
67.3%
ALALGIERS....
66.1%
VAYEREVAN....
60.6%
LAULAANBAATAR....
57.4%
IASOFIA....
56.6%
AKBAKU....
55.3%
NDLUANDA....
54.9%
OKBANGKOK...
52%
ILTBILISI....
50.9%
GAOUAGADOUGOU....
46.7%
postal code world capital % Correct
ORGEORGETOWN....
46.2%
DEBELGRADE....
42.1%
HITHIMPHU....
40.9%
IDBRIDGETOWN....
39.9%
SCDAMASCUS....
39.5%
KYTOKYO...
39.2%
AZBRAZZAVILLE AND LA PAZ
38.1%
NEMBABANE....
34%
UTDJIBOUTI....
27.8%
NJBANJUL AND SAN JOSE
27.5%
MSAMSTERDAM
26.4%
NHCOPENHAGEN AND PHNOM PENH
26.2%
MIMINSK AND SANTO DOMINGO
24.7%
NCASUNCION....
18.2%
OHDOHA AND ST. JOHN'S
18.1%
WIWINDHOEK
17.8%
NMSAN MARINO
17.5%
CTVICTORIA
8.3%

You're not logged in!

Compare scores with friends on all Sporcle quizzes.
OR
Log In

You Might Also Like...

Show Comments

Extras

Top Quizzes Today


Score Distribution

Your Account Isn't Verified!

In order to create a playlist on Sporcle, you need to verify the email address you used during registration. Go to your Sporcle Settings to finish the process.

Report this User

Report this user for behavior that violates our Community Guidelines.

Details: